|
|
|
|
| LEADER |
00000nam a2200000 4500 |
| 001 |
vtls012231488 |
| 003 |
SK-MaSNL |
| 005 |
20260302084026.0 |
| 008 |
230606s1791 xo 0 0n0 hun |
| 015 |
|
|
|a SNBHFA
|
| 040 |
|
|
|a SNKHF
|b slo
|c SNKHF
|e rda
|
| 041 |
0 |
|
|a hun
|
| 044 |
|
|
|a xo
|c SK
|
| 072 |
|
7 |
|a 2-1
|x Prirodzená teológia. Náboženská filozofia
|2 konspekt
|
| 080 |
|
|
|a 2-1
|2 2011
|
| 100 |
1 |
|
|a Calmet, Augustin,
|d 1672-1757
|4 aut
|9 287257
|
| 245 |
1 |
0 |
|a Szent-Irásbéli Dolgokról-Való Beszélgetések,
|c mellyeket Kálmet Ágostonnak Szent Irást magyarázó Doktornak bölts vetélkedő irásiból (Disertatióiból) rövid Summában szedett, 's botsátott-ki Magyar Nyelven Mind a' két nemen lévő Híveknek Tanúságára Szeredai Antal, Az Erdélyi Károlyvári Kátalannak Prépostja
|
| 250 |
|
|
|a Második Rész. Az Új Testamentomhoz tartozó Dolgokról
|
| 264 |
|
3 |
|a Posanyban
|b Füskuti Landerer Mihály' betüivel
|c 1791
|
| 300 |
|
|
|a 206 strán
|c 20 cm
|
| 336 |
|
|
|a text
|b txt
|2 rdacontent
|
| 337 |
|
|
|a bez média
|b n
|2 rdamedia
|
| 338 |
|
|
|a zväzok
|b nc
|2 rdacarrier
|
| 504 |
|
|
|a Poznámky pod textom
|
| 561 |
|
|
|a Oválna pečiatka Sigillum Conventus P. P. Franciscanor Malackiensis
|5 SNK SC 11246/2
|
| 563 |
|
|
|a Rukopisné poznámky na začiatku a konci textu
|5 SNK SC 11246/2
|
| 650 |
0 |
7 |
|a náboženská filozofia
|2 SNKPH
|9 3774
|
| 700 |
1 |
|
|a Landerer, Michal,
|d 1760-1810
|4 prt
|9 159050
|
| 752 |
|
|
|a Slovensko
|d Bratislava
|
| 852 |
|
|
|a Slovenská národná knižnica
|p SC 11246/2
|
| 958 |
|
|
|a DD
|
| 958 |
|
|
|a ONDV
|
| 999 |
|
|
|c 1186331
|d 1188261
|
| 952 |
|
|
|a SNK
|b SNK
|y PREZ
|7 0
|p 17A0837304
|o snkSC 11246/2
|i snkKSF 433/58
|8 5
|0 0
|1 0
|4 0
|d 2023-06-06
|l 0
|r 2025-07-11 00:00:00
|w 2026-02-24
|